Transducers in measurement and control
Guardat en:
| Autor principal: | |
|---|---|
| Format: | Llibre |
| Idioma: | anglès |
| Publicat: |
Bristol
Adam Hilger
1980
|
| Matèries: | |
| Etiquetes: |
Afegir etiqueta
Sense etiquetes, Sigues el primer a etiquetar aquest registre!
|
MARC
| LEADER | 00000nam a2200000 a 4500 | ||
|---|---|---|---|
| 001 | UCU5497 | ||
| 003 | CL-VaPUC | ||
| 008 | 960604e19800000UK |||||||||||||||||eng|d | ||
| 082 | 0 | 4 | |a 621.38 |b SYD |2 21 |
| 100 | 0 | |a Sydenham, Peter H |e author |9 363499 | |
| 245 | 1 | 0 | |a Transducers in measurement and control |
| 300 | |a 99 p | ||
| 942 | |c BK | ||
| 945 | |d 19960604 00:00:00 |a cmena | ||
| 260 | |a Bristol |b Adam Hilger |c 1980 | ||
| 650 | 0 | |a Circuitos eléctricos |9 260262 | |
| 650 | 7 | |a INSTRUMENTOS DE MEDIDAS ELECTRICAS |2 CL-VaPUC |9 356874 | |
| 650 | 0 | |a Electrónica |9 263192 | |
| 650 | 0 | |a Transmisores |9 363500 | |
| 650 | 0 | |a Tecnología electrónica |9 334386 | |
| 583 | |a last modification |c 19960604 00:00:00 |k Rodrigo Vera | ||
| 999 | |c 248833 |d 248831 | ||
| 952 | |0 0 |1 0 |4 0 |6 621_380000000000000_SYD_1980 |7 0 |8 A |9 265723 |a BIBING |b BIBING |d 2019-11-19 |i 1675613 |o 621.38 SYD 1980 |p 1675613 |r 2025-01-20 |w 2019-11-19 |y BK |k EIE | ||